书目信息 |
| 题名: |
邓小平卓越智慧
|
|
| 作者: | 刘强伦 编著 | |
| 分册: | ||
| 出版信息: | 北京 当代中国出版社 2001 |
|
| 页数: | 468页 | |
| 开本: | 20cm | |
| 丛书名: | ||
| 单 册: | ||
| 中图分类: | A762 | |
| 科图分类: | ||
| 主题词: | ||
| 电子资源: | ||
| ISBN: | 7-80092-980-9 | |
| 000 | 00606nam0 2200229 45 | |
| 001 | (011001)c2001046591 | |
| 005 | 20031219104119.3 | |
| 010 | @a7-80092-980-9@dCNY28.80 | |
| 100 | @a20010517d2001 kemy0chiy0120 ea | |
| 101 | 0 | @achi |
| 102 | @aCN@b110000 | |
| 105 | @aa z 000yd | |
| 106 | @ar | |
| 200 | 1 | @a邓小平卓越智慧@f刘强伦等编著 |
| 210 | @a北京@c当代中国出版社@d2001 | |
| 215 | @a468页@c照片@d20cm | |
| 600 | 0 | @a邓小平@f1904~1997@x生平事迹 |
| 600 | 0 | @a邓小平@f1904~1997 |
| 690 | @aA762@v4 | |
| 701 | 0 | @a刘强伦@4编著 |
| 801 | @aCN@bTSTC@c20030929 | |
| 905 | @b326571-575@dA762@e105@f5 | |
| 邓小平卓越智慧/刘强伦等编著.-北京:当代中国出版社,2001 |
| 468页:照片;20cm |
| ISBN 7-80092-980-9:CNY28.80 |
| ● |
| 相关链接 |
|
|
|
|
正题名:邓小平卓越智慧
索取号:A762/105
 
预约/预借
| 序号 | 登录号 | 条形码 | 馆藏地/架位号 | 状态 | 备注 |
| 1 | 0326571 | 203265714 | 第一借阅区/ [索取号:A762/105] | 在馆 | |
| 2 | 0326572 | 203265723 | 第一借阅区/ [索取号:A762/105] | 在馆 | |
| 3 | 0326573 | 203265732 | 第一借阅区/ [索取号:A762/105] | 在馆 | |
| 4 | 0326574 | 203265741 | 第一借阅区/ [索取号:A762/105] | 在馆 | |
| 5 | 0326575 | 203265750 | 第一样本阅览室/ [索取号:A762/105] | 在馆 |